LEADER 01686oam 2200433M 450 001 9910716157803321 005 20200213070920.6 035 $a(CKB)5470000002518536 035 $a(OCoLC)1065607187 035 $a(OCoLC)995470000002518536 035 $a(EXLCZ)995470000002518536 100 $a20071213d1926 ua 0 101 0 $aeng 135 $aurcn||||||||| 181 $ctxt$2rdacontent 182 $cc$2rdamedia 183 $acr$2rdacarrier 200 10$aAmending section 553 of the Code of Law for the District of Columbia. March 6 (calendar day, March 8), 1926. -- Ordered to be printed 210 1$a[Washington, D.C.] :$c[U.S. Government Printing Office],$d1926. 215 $a1 online resource (2 pages) 225 1 $aSenate report / 69th Congress, 1st session. Senate ;$vno. 281 225 1 $a[United States congressional serial set] ;$v[serial no. 8524] 300 $aBatch processed record: Metadata reviewed, not verified. Some fields updated by batch processes. 300 $aFDLP item number not assigned. 517 $aAmending section 553 of the Code of Law for the District of Columbia. March 6 606 $aAccounting 606 $aLegislative amendments 608 $aLegislative materials.$2lcgft 615 0$aAccounting. 615 0$aLegislative amendments. 701 $aCapper$b Arthur$f1865-1951$pRepublican (KS)$01386839 801 0$bWYU 801 1$bWYU 801 2$bOCLCO 801 2$bOCLCQ 906 $aBOOK 912 $a9910716157803321 996 $aAmending section 553 of the Code of Law for the District of Columbia. March 6 (calendar day, March 8), 1926. -- Ordered to be printed$93490979 997 $aUNINA LEADER 03778nam 22009254a 450 001 996582063603316 005 20240516130043.0 010 $a0-8147-3986-5 010 $a0-8147-8658-8 010 $a1-4294-1420-0 024 7 $a10.18574/nyu/9780814786581.001.0001 035 $a(CKB)1000000000245301 035 $a(EBL)866010 035 $a(OCoLC)779828357 035 $a(SSID)ssj0000216238 035 $a(PQKBManifestationID)11221079 035 $a(PQKBTitleCode)TC0000216238 035 $a(PQKBWorkID)10195491 035 $a(PQKB)10326012 035 $a(MiAaPQ)EBC866010 035 $a(OCoLC)76838747 035 $a(MdBmJHUP)muse10301 035 $a(Au-PeEL)EBL866010 035 $a(CaPaEBR)ebr10137180 035 $a(DE-B1597)548098 035 $a(DE-B1597)9780814786581 035 $a(EXLCZ)991000000000245301 100 $a20040702d2005 uy 0 101 0 $aeng 135 $aur|n|---||||| 181 $ctxt 182 $cc 183 $acr 200 10$aOrganizational psychology in cross-cultural perspective$b[electronic resource] /$fColin P. Silverthorne 205 $a1st ed. 210 $aNew York, N.Y. $cNew York University Press$dc2005 215 $a1 online resource (351 p.) 300 $aDescription based upon print version of record. 311 $a0-8147-4006-5 320 $aIncludes bibliographical references (p. 265-320) and indexes. 327 $aIntroduction -- Foundations of organization and culture -- Culture and organizations -- Organizational and national culture -- Leadership in organizations -- Leadership in other cultures -- Work motivation -- Managerial values and skills -- The impact of cultural values on problem solving, teams, gender, stress, and ethics -- Job satisfaction and organizational commitment -- Conflict and power -- Communication and negotiation -- Personnel psychology and human resource management -- Some final thoughts. 330 $aThe last two decades have seen an explosive increase in the ethnic diversity of the workforce, growth in international business, and the emergence of many more multinational companies. The potential for problems as companies operate across borders and managers manage in countries which have different values, norms and cultural behaviors is great. By looking at organizational psychology in a cross-cultural context, we can gain an understanding of the challenges facing organizations and business today. This text breaks new ground in introducing organizational psychology from a cross cultural per 606 $aPsychology, Industrial$vCross-cultural studies 606 $aOrganizational behavior$vCross-cultural studies 606 $aPersonnel management$vCross-cultural studies 606 $aIntercultural communication 610 $aThis. 610 $abreaks. 610 $across. 610 $acultural. 610 $acurrent. 610 $adifferences. 610 $adynamics. 610 $afoundational. 610 $afrom. 610 $aground. 610 $ailluminates. 610 $aimpact. 610 $aintroducing. 610 $amajor. 610 $aorganizational. 610 $aoverview. 610 $aperspective. 610 $aprovides. 610 $apsychology. 610 $atext. 610 $atheories. 615 0$aPsychology, Industrial 615 0$aOrganizational behavior 615 0$aPersonnel management 615 0$aIntercultural communication. 676 $a158.7 700 $aSilverthorne$b Colin P$g(Colin Patric)$01719710 801 0$bMiAaPQ 801 1$bMiAaPQ 801 2$bMiAaPQ 906 $aBOOK 912 $a996582063603316 996 $aOrganizational psychology in cross-cultural perspective$94117764 997 $aUNISA